<?xml version="1.0" encoding="UTF-8"?>
<record
    xmlns:xsi="http://www.w3.org/2001/XMLSchema-instance"
    xsi:schemaLocation="http://www.loc.gov/MARC21/slim http://www.loc.gov/standards/marcxml/schema/MARC21slim.xsd"
    xmlns="http://www.loc.gov/MARC21/slim">

  <leader>00912nam a22002057a 4500</leader>
  <controlfield tag="001">6367</controlfield>
  <controlfield tag="003">FISKH</controlfield>
  <controlfield tag="005">20250424102831.0</controlfield>
  <controlfield tag="008">250424b        cb ||||| |||| 00| 0 eng d</controlfield>
  <datafield tag="020" ind1=" " ind2=" ">
    <subfield code="a">9780199126798</subfield>
  </datafield>
  <datafield tag="040" ind1=" " ind2=" ">
    <subfield code="a">FISKH</subfield>
    <subfield code="b">eng</subfield>
    <subfield code="c">FISKH</subfield>
    <subfield code="d">FISKH</subfield>
  </datafield>
  <datafield tag="100" ind1=" " ind2=" ">
    <subfield code="a">Bourdais, Daniele</subfield>
  </datafield>
  <datafield tag="245" ind1=" " ind2=" ">
    <subfield code="a">Clic ! : </subfield>
    <subfield code="b">En Solo Workbook 1 Plus / </subfield>
    <subfield code="c">By Daniele Bourdais and Sue Finnie</subfield>
  </datafield>
  <datafield tag="260" ind1=" " ind2=" ">
    <subfield code="a">Oxford : </subfield>
    <subfield code="b">Oxford University Press , </subfield>
    <subfield code="c">2008.</subfield>
  </datafield>
  <datafield tag="300" ind1=" " ind2=" ">
    <subfield code="a">94 pages : </subfield>
    <subfield code="b">illustrations, maps ;</subfield>
    <subfield code="c">26 cm . </subfield>
  </datafield>
  <datafield tag="520" ind1=" " ind2=" ">
    <subfield code="a">Clic! is the bestselling KS3 French course, updated to match the Renewed Framework. Clic! has two Access Student Books for reluctant learners, making this course the most differentiated course available. This PLUS En Solo Workbook offers extra practice and consolidation with write-in activities and audio material.</subfield>
  </datafield>
  <datafield tag="700" ind1=" " ind2=" ">
    <subfield code="a">Finnie, Sue </subfield>
    <subfield code="e">Illustrator </subfield>
  </datafield>
  <datafield tag="942" ind1=" " ind2=" ">
    <subfield code="2">ddc</subfield>
    <subfield code="c">BK</subfield>
    <subfield code="n">0</subfield>
  </datafield>
  <datafield tag="999" ind1=" " ind2=" ">
    <subfield code="c">6367</subfield>
    <subfield code="d">6367</subfield>
  </datafield>
  <datafield tag="952" ind1=" " ind2=" ">
    <subfield code="0">0</subfield>
    <subfield code="1">0</subfield>
    <subfield code="2">ddc</subfield>
    <subfield code="4">0</subfield>
    <subfield code="7">0</subfield>
    <subfield code="8">REF</subfield>
    <subfield code="a">002</subfield>
    <subfield code="b">002</subfield>
    <subfield code="c">SNS</subfield>
    <subfield code="d">2025-04-24</subfield>
    <subfield code="l">0</subfield>
    <subfield code="o">BOU </subfield>
    <subfield code="p">FISSE03157</subfield>
    <subfield code="r">2025-04-24 10:28:20</subfield>
    <subfield code="t">1</subfield>
    <subfield code="w">2025-04-24</subfield>
    <subfield code="y">BK</subfield>
  </datafield>
  <datafield tag="952" ind1=" " ind2=" ">
    <subfield code="0">0</subfield>
    <subfield code="1">0</subfield>
    <subfield code="2">ddc</subfield>
    <subfield code="4">0</subfield>
    <subfield code="7">0</subfield>
    <subfield code="8">REF</subfield>
    <subfield code="a">002</subfield>
    <subfield code="b">002</subfield>
    <subfield code="c">SNS</subfield>
    <subfield code="d">2025-04-24</subfield>
    <subfield code="l">0</subfield>
    <subfield code="o">BOU </subfield>
    <subfield code="p">FISSE03369</subfield>
    <subfield code="r">2025-04-24 10:29:10</subfield>
    <subfield code="t">2</subfield>
    <subfield code="w">2025-04-24</subfield>
    <subfield code="y">BK</subfield>
  </datafield>
  <datafield tag="952" ind1=" " ind2=" ">
    <subfield code="0">0</subfield>
    <subfield code="1">0</subfield>
    <subfield code="2">ddc</subfield>
    <subfield code="4">0</subfield>
    <subfield code="7">0</subfield>
    <subfield code="8">REF</subfield>
    <subfield code="a">002</subfield>
    <subfield code="b">002</subfield>
    <subfield code="c">SNS</subfield>
    <subfield code="d">2025-04-24</subfield>
    <subfield code="l">0</subfield>
    <subfield code="o">BOU </subfield>
    <subfield code="p">FISSE03406</subfield>
    <subfield code="r">2025-04-24 10:29:22</subfield>
    <subfield code="t">3</subfield>
    <subfield code="w">2025-04-24</subfield>
    <subfield code="y">BK</subfield>
  </datafield>
  <datafield tag="952" ind1=" " ind2=" ">
    <subfield code="0">0</subfield>
    <subfield code="1">0</subfield>
    <subfield code="2">ddc</subfield>
    <subfield code="4">0</subfield>
    <subfield code="7">0</subfield>
    <subfield code="8">REF</subfield>
    <subfield code="a">002</subfield>
    <subfield code="b">002</subfield>
    <subfield code="c">SNS</subfield>
    <subfield code="d">2025-04-24</subfield>
    <subfield code="l">0</subfield>
    <subfield code="o">BOU </subfield>
    <subfield code="p">FISSE03348</subfield>
    <subfield code="r">2025-04-24 10:29:45</subfield>
    <subfield code="t">4</subfield>
    <subfield code="w">2025-04-24</subfield>
    <subfield code="y">BK</subfield>
  </datafield>
</record>
